2020 MLS Cup Playoffs - Statistics

General Stats
  • This quiz has been taken 242 times
  • The average score is 10 of 16
Answers on the Map
Answers color-coded by a green-red scale on the quiz's map according to % correct below.
 
Answer Stats
Team % Correct
Los Angeles FC
81%
Seattle Sounders FC
80%
New York Red Bulls
72%
Columbus Crew SC
70%
FC Dallas
69%
New York City FC
69%
Orlando City SC
67%
Portland Timbers
67%
Toronto FC
67%
New England Revolution
64%
Philadelphia Union
63%
Minnesota United FC
58%
Nashville SC
54%
Sporting Kansas City
53%
Colorado Rapids
43%
San Jose Earthquakes
42%
No matching quizzes found
Score Distribution
Percent of People with Each Score
Percentile by Number Answered
Your Score History
You have not taken this quiz